Tax Systems in the Czech Republic and the Slovak Republic: Comparison with an Emphasis on Income Tax

Porovnanie metód zdanenia príjmov v dvoch susedných štátoch - v Českej republike a Slovenskej republiky v období od rozpadu ich predchádzajúceho zjednoteného štátu.

Gespeichert in:
Bibliographische Detailangaben
1. Verfasser: Lipková, Ľudmila
Weitere Verfasser: Grešš, Martin, 1978-, Poncarová, Alena
Format: Buchkapitel
Sprache:Englisch
Schlagworte:
Tags: Tag hinzufügen
Keine Tags, Fügen Sie das erste Tag hinzu!

MARC

LEADER 00000nla a2200000 4500
001 0236659
005 20250624083548.4
041 0 |a eng 
044 |a UA 
245 1 0 |a Tax Systems in the Czech Republic and the Slovak Republic: Comparison with an Emphasis on Income Tax  |c Ľudmila Lipková, Martin Grešš, Alena Poncarová 
520 |a Porovnanie metód zdanenia príjmov v dvoch susedných štátoch - v Českej republike a Slovenskej republiky v období od rozpadu ich predchádzajúceho zjednoteného štátu. 
610 2 0 |a Česko 
610 2 0 |a Slovensko 
610 2 0 |a harmonizácia 
610 2 0 |a dane z príjmov 
610 2 0 |a analýza komparatívna 
100 1 |a Lipková, Ľudmila 
700 1 |a Grešš, Martin, 1978- 
700 1 |a Poncarová, Alena